| 000 | 00345nam a2200133Ia 4500 | ||
|---|---|---|---|
| 003 | GCL | ||
| 008 | 140319s9999 xx 000 0 eng d | ||
| 040 |
_aGCL / _cGCL |
||
| 082 | 0 | 4 |
_a306.2 _bW P |
| 100 | 1 | _aWEBER, EUGEN | |
| 245 | 1 | 0 |
_aPOLITICAL WRITINGS / _cWEBER, EUGEN |
| 260 |
_a[S.N] : _bCAMBRIDGE UNIVERSITY PRESS ، _c1994 |
||
| 300 | _a390 P | ||
| 999 |
_c24390 _d24390 |
||